| 000 | 01170nam a2200265 4500 | ||
|---|---|---|---|
| 005 | 20160629154855.0 | ||
| 008 | 160629t2012 ck ado||r|||| 001 0 spa d | ||
| 020 | _a9789589906989 | ||
| 040 |
_aCO-BoIAVH _cCO-BoIAVH |
||
| 041 | 0 | _aspa | |
| 044 | _ack | ||
| 082 | 0 | 4 |
_a582.16072 _bC33c |
| 100 | 1 |
_aCarvajal Rojas, Lydon _eautor |
|
| 245 | 1 | 0 |
_aConocimiento e investigación en Comino crespo (Aniba perutilis hemsl), Cacay (Caryodendron orinocense karst.karts.) y bosques del piedemonte llanero en el departamento del Meta / _cLyndon Carvajal Rojas |
| 260 |
_aBogotá : _bCormacarena : _bUniversidad Distrital Francisco José de Caldas : _bEcopetrol, _cc2012. |
||
| 300 |
_a104 páginas : _bilustraciones a color, tablas y fotografías a color ; _c23 x 17 cm. |
||
| 500 | _aIncluye índice de ilustraciones. | ||
| 504 | _aIncluye referencias bibliográficas. | ||
| 650 | 2 | 6 |
_aAniba _xInvestigación |
| 650 | 2 | 6 |
_aEuphorbiaceae _xInvestigación |
| 650 | 2 | 4 |
_aComino crespo _xInvestigación |
| 650 | 2 | 4 |
_aCacay _xInvestigación |
| 650 | 2 | 6 |
_aBosques _xInvestigación _zMeta (Departamento, Colombia) |
| 942 |
_2ddc _cLIBRO |
||
| 999 |
_c18859 _d18859 |
||